| 000 | 01250cam a22003377a 4500 | ||
|---|---|---|---|
| 003 | CHAP | ||
| 005 | 20220329141439.0 | ||
| 008 | 971013s1988 r 00010 d | ||
| 010 | _a68278 | ||
| 011 | _a69250 | ||
| 035 | _a78726 | ||
| 040 | _cCHAP | ||
| 090 | _aFolleto 12237 | ||
| 100 | 0 | 0 |
_aMols, P. J. M. _977444 |
| 245 | 0 |
_aSimulation of hunger, feeding and egg production in the carabid beetle _b: Plerostichus coerulescens L (: Poecilus versicolor Sturm) |
|
| 260 |
_aWageningen, The Netherlan : _bAgricultural University Wageningen, _c1988 |
||
| 300 | _a99 p. | ||
| 490 | 0 |
_aAgricultural University Wageningen Papers _v; 88-3 (1988) |
|
| 590 |
_aBATCH-UPD _b10 _c20130109 _lUCH01 _h2310 |
||
| 590 |
_aBATCH-UPD _b10 _c20130110 _lUCH01 _h0533 |
||
| 590 |
_aBATCH-UPD _b10 _c20130410 _lUCH01 _h0213 |
||
| 590 |
_aBATCH-UPD _b10 _c20130913 _lUCH01 _h2158 |
||
| 590 |
_aCONVERSION _b10 _c20130109 _lUCH01 _h1338 |
||
| 650 | 1 | 4 |
_aInsectos _xHábitos y conducta. _958927 |
| 650 | 1 | 4 |
_aPterostichus coerulescens. _992652 |
| 710 | 0 |
_aAgricultural University. Wageningen. _92117 |
|
| 830 | 0 |
_aAgricultural University Wageningen Papers _v; 88-3 (1988) _92116 |
|
| 901 | _aBK | ||
| 942 | _cFOLL | ||
| 949 |
_aFolleto 12237 _bBC _cFOLL _d-31601 _eTS1 _i78726 _si |
||
| 999 |
_c68278 _d68278 |
||